| 000 | 01504cam a22003257a 4500 | ||
|---|---|---|---|
| 001 | 7035 | ||
| 003 | FISKH | ||
| 005 | 20260202163629.0 | ||
| 008 | 100303s2010 nyua 000 0 eng | ||
| 010 | _a 2010923934 | ||
| 020 | _a9780736427210 (pbk.) | ||
| 040 |
_aDLC _cDLC _beng _dFISKH |
||
| 050 | _aPN1997.T27 D3 | ||
| 082 | _a398.2 | ||
| 100 | 1 | _aWooster, Devin Ann. | |
| 245 | 1 | 2 |
_aA dazzling day / _cadapted by Devin Ann Wooster ; illustrated by Brittney Lee ; designed by Stuart Smith. |
| 260 |
_aNew York : _bRandom House, _c2010. |
||
| 300 |
_a24 unnumbered pages : _bcolor illustrations ; _c21 cm |
||
| 500 | _aAt head of title: Disney Tangled. | ||
| 505 | _aP | ||
| 520 | _aRead along with Disney! Rapunzel is about to turn eighteen, and she has never left the tower she lives in with her mother. More than anything, she wants to find the source of the mysterious lights that rise into the sky every year on her birthday. When a thief named Flynn Rider climbs through her window to escape the royal guard and she captures him, the two strike a bargain -- she'll release him if he guides her to the lights. Follow along with the word-for-word narration on the adventure | ||
| 521 | 8 |
_a750
_bLexile |
|
| 521 | 8 |
_aP
_bRaz-Plus |
|
| 650 |
_aDisney Princess _vFantasy _xAdventure _yRapunzel |
||
| 700 | 1 |
_aLee, Brittney, _eillustrator |
|
| 730 | 0 | _aTangled (Motion picture) | |
| 906 |
_a7 _bcbc _corignew _d4 _encip _f20 _gy-gencatlg |
||
| 942 |
_2ddc _cBK _n0 |
||
| 999 |
_c7035 _d7035 |
||